000 00498cam a22001812 4500
001 0000007242
005 20151217155832.0
008 071206s xx 000 0 eng d
020 _a9966469001 :
_cKES 345
040 _aKABU
_cKABU
100 1 _aAbrahams, Peter.
_@0000158408
245 1 0 _aMine boy /
_cPeter Abrahams.
260 _aNairobi :
_bE. A. E. P.,
_c1963.
300 _a184 p.
908 _a071206
950 _@1
999 _c13048
_d13048